[Event "1. Bundesliga 2016/2017"]
[Site "Mattersburg"]
[Date "2016.10.22"]
[Round "3"]
[Board "1"]
[White "Sutovsky, Emil"]
[Black "Bosiocic, Marin"]
[Result "1-0"]
[WhiteElo "2650"]
[BlackElo "2610"]
[PlyCount "57"]
[EventDate "2016.10.20"]
[EventType "team"]
[EventRounds "11"]
[EventCountry "AUT"]
[WhiteTeam "Schachklub Absam"]
[BlackTeam "SV Pillenkoenig St. Veit"]

1.e4 e5 2.Nf3 Nc6 3.Bb5 a6 4.Ba4 Nf6 5.O-O b5 6.Bb3 Bb7 7.Re1 Bc5 8.c3 O-O 9.d4 Bb6
10.Bg5 h6 11.Bh4 d6 12.a4 g5 13.Nxg5 hxg5 14.Bxg5 exd4 15.cxd4 Nxd4 16.Bd5 Ne6 17.Bh4
c6 18.Qf3 Bd4 19.e5 Nxd5 20.Qg4+ Ng7 21.Bxd8 dxe5 22.Bg5 f5 23.Qe2 b4 24.Be3 c5 25.Qc2
Rac8 26.Nd2 Ne6 27.Nc4 Rc7 28.Nd6 f4 29.Qg6+ 1-0

[Event "1. Bundesliga 2016/2017"]
[Site "Mattersburg"]
[Date "2016.10.22"]
[Round "3"]
[Board "2"]
[White "Brkic, Ante"]
[Black "Luther, Thomas"]
[Result "1-0"]
[WhiteElo "2552"]
[BlackElo "2524"]
[PlyCount "63"]
[EventDate "2016.10.20"]
[EventType "team"]
[EventRounds "11"]
[EventCountry "AUT"]
[WhiteTeam "SV Pillenkoenig St. Veit"]
[BlackTeam "Schachklub Absam"]

1.e4 e6 2.d4 d5 3.Nc3 Nf6 4.e5 Nfd7 5.f4 c5 6.Nf3 Nc6 7.Be3 cxd4 8.Nxd4 Bc5 9.Qd2
Nxd4 10.Bxd4 Bxd4 11.Qxd4 Qb6 12.Qd2 Nc5 13.O-O-O Bd7 14.Qd4 a5 15.h4 Qb4 16.Qe3 Na4
17.Nxa4 Qxa4 18.Kb1 Rc8 19.Bd3 O-O 20.c3 f5 21.exf6 Rxf6 22.g3 Be8 23.h5 Bxh5 24.Bxh7+
Kxh7 25.Rxh5+ Kg6 26.Rdh1 Kf7 27.Re5 Rh6 28.Re1 Rc6 29.f5 Rh2 30.fxe6+ Rxe6 31.Rf5+
Rf6 32.Qe6+ 1-0

[Event "1. Bundesliga 2016/2017"]
[Site "Mattersburg"]
[Date "2016.10.22"]
[Round "3"]
[Board "3"]
[White "Bayer, Bernhard"]
[Black "Antoniewski, Rafal"]
[Result "1/2-1/2"]
[WhiteElo "2431"]
[BlackElo "2535"]
[PlyCount "150"]
[EventDate "2016.10.20"]
[EventType "team"]
[EventRounds "11"]
[EventCountry "AUT"]
[WhiteTeam "Schachklub Absam"]
[BlackTeam "SV Pillenkoenig St. Veit"]

1.d4 Nf6 2.Nf3 g6 3.b3 Bg7 4.Bb2 O-O 5.e3 b6 6.Nbd2 Bb7 7.Bd3 c5 8.O-O Nc6 9.a3 e6
10.Re1 Qe7 11.dxc5 bxc5 12.e4 e5 13.Nc4 d6 14.Qd2 Qc7 15.b4 Nd4 16.Nxd4 cxd4 17.Na5
d5 18.Nxb7 Qxb7 19.exd5 Nxd5 20.Rad1 Rad8 21.Bf1 Qc7 22.g3 Rfe8 23.Qd3 Rc8 24.Qb3
Nc3 25.Bxc3 dxc3 26.Re4 Qb7 27.Bg2 Qe7 28.Rc4 Rxc4 29.Qxc4 e4 30.Re1 Qd6 31.Rxe4 Rxe4
32.Qc8+ Re8 33.Qxe8+ Bf8 34.Be4 Kg7 35.Kg2 Qd4 36.Bd3 Qd5+ 37.Qe4 Qd6 38.Qc4 Qe5 39.Kf1
Bd6 40.Qe4 Qxe4 41.Bxe4 f5 42.Bd5 f4 43.Ke2 fxg3 44.hxg3 g5 45.Kd3 Be5 46.a4 Kf8 47.Bf3
Ke7 48.Kc4 Kd6 49.a5 Bf6 50.b5 Kc7 51.Bg4 Kb7 52.f4 Bd8 53.Bf3+ Kb8 54.Kb4 Bc7 55.f5
Bxg3 56.Kxc3 Be1+ 57.Kd4 Bxa5 58.Ke5 Kc7 59.Kf6 Kd6 60.Kg7 Bc3+ 61.Kxh7 Kc5 62.Be2
g4 63.Kg6 g3 64.Bf1 g2 65.Bxg2 Kxb5 66.f6 Bb4 67.Bd5 Kc5 68.Bb3 Kd4 69.Kg7 Kc3 70.f7
a5 71.Ba4 Be7 72.f8=Q Bxf8+ 73.Kxf8 Kb4 74.Bb3 a4 75.Bxa4 Kxa4 1/2-1/2

[Event "1. Bundesliga 2016/2017"]
[Site "Mattersburg"]
[Date "2016.10.22"]
[Round "3"]
[Board "4"]
[White "Rogic, Davor"]
[Black "Dizdar, Goran"]
[Result "1/2-1/2"]
[WhiteElo "2516"]
[BlackElo "2504"]
[PlyCount "31"]
[EventDate "2016.10.20"]
[EventType "team"]
[EventRounds "11"]
[EventCountry "AUT"]
[WhiteTeam "SV Pillenkoenig St. Veit"]
[BlackTeam "Schachklub Absam"]

1.e4 e6 2.d4 d5 3.Nd2 c5 4.Ngf3 a6 5.dxc5 Bxc5 6.Bd3 Nc6 7.a3 Nge7 8.O-O Qc7 9.b4
Ba7 10.Bb2 O-O 11.Re1 Ng6 12.e5 Qb6 13.Re3 Qc7 14.Re1 Qb6 15.Re3 Qc7 16.Re1 1/2-1/2

[Event "1. Bundesliga 2016/2017"]
[Site "Mattersburg"]
[Date "2016.10.22"]
[Round "3"]
[Board "5"]
[White "Rotstein, Arkadij"]
[Black "Koop, Thorben"]
[Result "0-1"]
[WhiteElo "2501"]
[BlackElo "2398"]
[PlyCount "66"]
[EventDate "2016.10.20"]
[EventType "team"]
[EventRounds "11"]
[EventCountry "AUT"]
[WhiteTeam "Schachklub Absam"]
[BlackTeam "SV Pillenkoenig St. Veit"]

1.d4 Nf6 2.Nf3 g6 3.Nbd2 Bg7 4.e4 O-O 5.g3 c5 6.e5 Ne8 7.dxc5 Qa5 8.Bg2 Qxc5 9.O-O
Qc7 10.Re1 d6 11.exd6 Nxd6 12.Nf1 Nf5 13.c3 Nc6 14.Qe2 e5 15.h4 h6 16.N1d2 Be6 17.Ne4
Rad8 18.g4 Nd6 19.g5 Bc4 20.Qc2 Nxe4 21.Qxe4 Bd5 22.Qe2 h5 23.Nd2 Ne7 24.Bxd5 Rxd5
25.Qe4 Rfd8 26.Nf1 Qc8 27.Kg2 Rc5 28.Ne3 Nf5 29.Nxf5 gxf5 30.Qf3 Rc4 31.Be3 Rg4+ 32.Kf1
e4 33.Qe2 f4 0-1

[Event "1. Bundesliga 2016/2017"]
[Site "Mattersburg"]
[Date "2016.10.22"]
[Round "3"]
[Board "6"]
[White "Hoelzl, Franz"]
[Black "Wegerle, Joerg"]
[Result "0-1"]
[WhiteElo "2321"]
[BlackElo "2439"]
[PlyCount "54"]
[EventDate "2016.10.20"]
[EventType "team"]
[EventRounds "11"]
[EventCountry "AUT"]
[WhiteTeam "SV Pillenkoenig St. Veit"]
[BlackTeam "Schachklub Absam"]

1.d4 d5 2.c4 e6 3.Nf3 Nf6 4.Nc3 Be7 5.Bf4 O-O 6.e3 b6 7.Bd3 c5 8.O-O Nc6 9.cxd5 exd5
10.Ne5 Bb7 11.Rc1 a6 12.Qf3 cxd4 13.Nxc6 Bxc6 14.Ne2 Bb5 15.Bxb5 axb5 16.Nxd4 Bc5
17.Nf5 Ne4 18.Rfd1 Ra7 19.a3 Re8 20.b4 Bf8 21.Rd3 Qa8 22.h4 Rxa3 23.Rxa3 Qxa3 24.Rc7
Qa1+ 25.Kh2 Qf6 26.Bg5 Qe5+ 27.Qf4 f6 0-1

[Event "1. Bundesliga 2016/2017"]
[Site "Mattersburg"]
[Date "2016.10.22"]
[Round "3"]
[Board "1"]
[White "Melkumyan, Hrant"]
[Black "Lenic, Luka"]
[Result "0-1"]
[WhiteElo "2619"]
[BlackElo "2645"]
[PlyCount "138"]
[EventDate "2016.10.20"]
[EventType "team"]
[EventRounds "11"]
[EventCountry "AUT"]
[WhiteTeam "ASVOE Wulkaprodersdorf"]
[BlackTeam "SV Raika Rapid Feffernitz"]

1.d4 Nf6 2.c4 e6 3.Nf3 b6 4.g3 c6 5.Bg2 d5 6.O-O Be7 7.Nc3 O-O 8.Bf4 Bb7 9.Rc1 Nh5
10.Bxb8 Rxb8 11.Ne5 Nf6 12.Qa4 a6 13.Nxc6 Bxc6 14.Qxc6 Rc8 15.Qb7 Rxc4 16.e3 Bb4 17.Qxa6
Qc7 18.Ne2 Rc8 19.b3 Rxc1 20.Rxc1 Qxc1+ 21.Nxc1 Rxc1+ 22.Bf1 g6 23.Qxb6 Be1 24.f3
Rc2 25.a4 Bf2+ 26.Kh1 Bxe3 27.Qb5 Rd2 28.a5 Bxd4 29.Qb4 Rd1 30.Kg2 e5 31.a6 Ra1 32.Qd2
Nd7 33.b4 Rb1 34.Qg5 Kg7 35.Qe7 Nf6 36.Qb7 Rb2+ 37.Kh1 Ra2 38.g4 Ra1 39.Kg2 Ra2+ 40.Kh1
Ra1 41.Qb5 g5 42.Qd3 Nd7 43.h4 h6 44.hxg5 hxg5 45.Kh2 Nf8 46.f4 gxf4 47.Bg2 Ra2 48.Qb3
Rxa6 49.Bxd5 Rh6+ 50.Kg2 Rf6 51.Kf1 Nh7 52.Qh3 Ng5 53.Qh4 Rg6 54.Qh2 Rh6 55.Qd2 Rh3
56.b5 Nf3 57.Qg2 Ng5 58.Qd2 Ra3 59.b6 Ra1+ 60.Ke2 Bxb6 61.Qb4 Ra5 62.Bc4 Bd8 63.Qb2
Bf6 64.Qb8 Ra3 65.Qd6 Re3+ 66.Kd1 Re4 67.Qc6 f3 68.Qc8 Rd4+ 69.Kc2 e4 0-1

[Event "1. Bundesliga 2016/2017"]
[Site "Mattersburg"]
[Date "2016.10.22"]
[Round "3"]
[Board "2"]
[White "Danin, Alexandre"]
[Black "Kraemer, Martin"]
[Result "0-1"]
[WhiteElo "2564"]
[BlackElo "2574"]
[PlyCount "66"]
[EventDate "2016.10.20"]
[EventType "team"]
[EventRounds "11"]
[EventCountry "AUT"]
[WhiteTeam "SV Raika Rapid Feffernitz"]
[BlackTeam "ASVOE Wulkaprodersdorf"]

1.e4 c5 2.Nf3 d6 3.d4 cxd4 4.Nxd4 Nf6 5.Nc3 a6 6.Bc4 e6 7.Bb3 Nbd7 8.Bg5 Nc5 9.f4
Be7 10.Qf3 O-O 11.O-O-O Qc7 12.Kb1 b5 13.f5 Nxb3 14.cxb3 Bd7 15.Rc1 Qb6 16.Rhd1 Rac8
17.Be3 Qb8 18.Bg5 b4 19.Nce2 Rxc1+ 20.Nxc1 h6 21.Bh4 Rc8 22.Nd3 e5 23.Bxf6 Bxf6 24.Nc2
a5 25.Ne3 Bc6 26.Nf2 Bd8 27.Nd5 Bxd5 28.Rxd5 Bg5 29.Nd3 Qb6 30.Qd1 Qe3 31.h4 Qxe4
32.hxg5 Qxd5 33.gxh6 e4 0-1

[Event "1. Bundesliga 2016/2017"]
[Site "Mattersburg"]
[Date "2016.10.22"]
[Round "3"]
[Board "3"]
[White "Schneider, Ilja"]
[Black "Schreiner, Peter"]
[Result "1/2-1/2"]
[WhiteElo "2516"]
[BlackElo "2482"]
[PlyCount "92"]
[EventDate "2016.10.20"]
[EventType "team"]
[EventRounds "11"]
[EventCountry "AUT"]
[WhiteTeam "ASVOE Wulkaprodersdorf"]
[BlackTeam "SV Raika Rapid Feffernitz"]

1.d4 Nf6 2.Bg5 d5 3.e3 c5 4.Nc3 cxd4 5.Bxf6 gxf6 6.Qxd4 e6 7.e4 Nc6 8.Bb5 a6 9.Bxc6+
bxc6 10.Qd3 Rb8 11.O-O-O Qb6 12.b3 a5 13.Nge2 Ba6 14.Qf3 Bxe2 15.Qxe2 Ba3+ 16.Kb1
d4 17.Na4 Qb4 18.Nb2 Bxb2 19.Kxb2 a4 20.Qd2 c5 21.Qxb4 Rxb4 22.Rc1 Ke7 23.c3 dxc3+
24.Rxc3 axb3 25.axb3 Rhb8 26.Ra1 c4 27.Ra7+ Kf8 28.Ra3 Ke7 29.Kc2 cxb3+ 30.Raxb3 Rxb3
31.Rxb3 Rxb3 32.Kxb3 Kd6 33.Kc4 Ke5 34.Kd3 f5 35.exf5 Kxf5 36.Kd4 h5 37.Ke3 e5 38.Kf3
h4 39.Ke3 Ke6 40.f4 f6 41.fxe5 fxe5 42.Ke4 Kf6 43.g3 hxg3 44.hxg3 Kg5 45.Kxe5 Kg4
46.Kd4 Kxg3 1/2-1/2

[Event "1. Bundesliga 2016/2017"]
[Site "Mattersburg"]
[Date "2016.10.22"]
[Round "3"]
[Board "4"]
[White "Diermair, Andreas"]
[Black "Volkmann, Friedrich Karl"]
[Result "1-0"]
[WhiteElo "2473"]
[BlackElo "2403"]
[PlyCount "31"]
[EventDate "2016.10.20"]
[EventType "team"]
[EventRounds "11"]
[EventCountry "AUT"]
[WhiteTeam "SV Raika Rapid Feffernitz"]
[BlackTeam "ASVOE Wulkaprodersdorf"]

1.d4 Nf6 2.c4 e5 3.dxe5 Ng4 4.Nf3 Nc6 5.Bg5 Be7 6.Bxe7 Qxe7 7.Nc3 Ngxe5 8.e3 Nxf3+
9.Qxf3 Nd4 10.Qg3 Ne6 11.f4 f5 12.Bd3 O-O 13.O-O d6 14.Nd5 Qf7 15.Bxf5 c6 16.Bxh7+ 1-0

[Event "1. Bundesliga 2016/2017"]
[Site "Mattersburg"]
[Date "2016.10.22"]
[Round "3"]
[Board "5"]
[White "Wallner, Joachim"]
[Black "Sebenik, Matej"]
[Result "0-1"]
[WhiteElo "2313"]
[BlackElo "2546"]
[PlyCount "88"]
[EventDate "2016.10.20"]
[EventType "team"]
[EventRounds "11"]
[EventCountry "AUT"]
[WhiteTeam "ASVOE Wulkaprodersdorf"]
[BlackTeam "SV Raika Rapid Feffernitz"]

1.Nf3 Nf6 2.b3 d6 3.d4 g6 4.Bb2 Bg7 5.g3 c5 6.Bg2 cxd4 7.Nxd4 d5 8.e3 O-O 9.O-O Bg4
10.Nf3 Qc8 11.Nbd2 Nc6 12.Qc1 Qf5 13.c4 Rac8 14.Qb1 Qxb1 15.Raxb1 Bf5 16.Ra1 dxc4
17.Nxc4 b5 18.Nce5 Nxe5 19.Bxe5 Nd5 20.Bxg7 Kxg7 21.Nd4 Nc3 22.a4 bxa4 23.bxa4 Bd7
24.a5 e5 25.Nf3 f6 26.Rfe1 Rfd8 27.Nd2 Bf5 28.Nb3 Bc2 29.Nc1 Rd2 30.Na2 Ne4 31.f3
Bb3 32.Nc1 Rcc2 33.Bf1 Ng5 34.Be2 Bc4 35.Kf2 e4 36.fxe4 Nxe4+ 37.Kf1 Nc3 38.Bxc4 Rf2+
39.Kg1 Rg2+ 40.Kh1 Rxh2+ 41.Kg1 Rcg2+ 42.Kf1 Rf2+ 43.Kg1 Rhg2+ 44.Kh1 Ne4 0-1

[Event "1. Bundesliga 2016/2017"]
[Site "Mattersburg"]
[Date "2016.10.22"]
[Round "3"]
[Board "6"]
[White "Zorko, Jure"]
[Black "Mesaros, Florian"]
[Result "0-1"]
[WhiteElo "2465"]
[BlackElo "2335"]
[PlyCount "140"]
[EventDate "2016.10.20"]
[EventType "team"]
[EventRounds "11"]
[EventCountry "AUT"]
[WhiteTeam "SV Raika Rapid Feffernitz"]
[BlackTeam "ASVOE Wulkaprodersdorf"]

1.d4 d5 2.c4 e6 3.Nf3 Nf6 4.e3 c6 5.Nbd2 Nbd7 6.b3 Bd6 7.Bb2 O-O 8.Bd3 Re8 9.Ne5 c5
10.f4 b6 11.O-O Bb7 12.cxd5 exd5 13.Ndf3 a6 14.Ng5 Re7 15.Bf5 Nf8 16.Kh1 h6 17.Ngf3
Ne4 18.Bxe4 dxe4 19.Nh4 f6 20.Nc4 Bc7 21.dxc5 bxc5 22.Qxd8 Rxd8 23.Ba3 Rd5 24.f5 Bc8
25.Rad1 Red7 26.Rxd5 Rxd5 27.g4 g5 28.Ng2 h5 29.h3 h4 30.Rc1 Nd7 31.Bb2 Kf7 32.Bc3
Bb7 33.Kg1 Bc6 34.a4 Ke7 35.Kf1 Bg3 36.Ne1 Nb8 37.Ke2 Rd8 38.Bb2 Bd5 39.Ba3 Nd7 40.Nc2
Rb8 41.Na1 Bxc4+ 42.Rxc4 Kd6 43.Bb2 Be5 44.Bxe5+ Nxe5 45.Rc1 Nd3 46.Rb1 c4 47.Kd2
Nc5 48.Kc3 cxb3 49.Nxb3 Nxa4+ 50.Kc2 Nc5 51.Rd1+ Nd3 52.Ra1 Kd5 53.Ra5+ Rb5 54.Ra4
Ke5 55.Nd4 Rb6 56.Ra5+ Kd6 57.Ra3 Nb4+ 58.Kd2 Nd5 59.Ra2 Kc5 60.Ra5+ Kc4 61.Ra4+ Rb4
62.Ra2 Rb1 63.Rc2+ Kb4 64.Nc6+ Ka3 65.Rc5 Rb2+ 66.Kc1 Rb5 67.Rc4 Nxe3 68.Rxe4 Rc5+
69.Kb1 Nc4 70.Re6 Nd2+ 0-1

[Event "1. Bundesliga 2016/2017"]
[Site "Mattersburg"]
[Date "2016.10.22"]
[Round "3"]
[Board "1"]
[White "Zilka, Stepan"]
[Black "Bindrich, Falko"]
[Result "1/2-1/2"]
[WhiteElo "2523"]
[BlackElo "2582"]
[PlyCount "62"]
[EventDate "2016.10.20"]
[EventType "team"]
[EventRounds "11"]
[EventCountry "AUT"]
[WhiteTeam "Blackburne Nickelsdorf"]
[BlackTeam "SK Hohenems"]

1.e4 e5 2.Nf3 Nc6 3.Bb5 Nf6 4.O-O Nxe4 5.Re1 Nd6 6.Nxe5 Be7 7.Bf1 Nf5 8.Nf3 O-O 9.d4
d5 10.c3 Bd6 11.Bd3 Re8 12.Rxe8+ Qxe8 13.Nbd2 Nce7 14.Qc2 g6 15.Nf1 f6 16.Bd2 Qf7
17.Re1 Ng7 18.c4 dxc4 19.Bxc4 Nd5 20.Ng3 Bxg3 21.hxg3 c6 22.Bb3 Be6 23.Qc5 a6 24.Bxd5
cxd5 25.Qb6 Rc8 26.Bh6 Rc6 27.Qd8+ Ne8 28.Bd2 Rc8 29.Qb6 Rc6 30.Qd8 Rc8 31.Qb6 Rc6 1/2-1/2

[Event "1. Bundesliga 2016/2017"]
[Site "Mattersburg"]
[Date "2016.10.22"]
[Round "3"]
[Board "2"]
[White "Martinovic, Sasa"]
[Black "Schwarhofer, Christopher"]
[Result "1-0"]
[WhiteElo "2551"]
[BlackElo "2385"]
[PlyCount "87"]
[EventDate "2016.10.20"]
[EventType "team"]
[EventRounds "11"]
[EventCountry "AUT"]
[WhiteTeam "SK Hohenems"]
[BlackTeam "Blackburne Nickelsdorf"]

1.d4 d5 2.c4 e6 3.Nc3 Nf6 4.cxd5 exd5 5.Bg5 c6 6.Qc2 Be7 7.e3 Nbd7 8.Bd3 O-O 9.Nge2
Re8 10.f3 Nf8 11.O-O Nh5 12.Bxe7 Qxe7 13.e4 Be6 14.e5 g6 15.f4 f5 16.Na4 Ng7 17.b4
a6 18.Nc5 Bc8 19.Rab1 b6 20.Nb3 Bb7 21.a3 Rec8 22.Rbc1 Nd7 23.Qd2 Kh8 24.Rc3 a5 25.bxa5
c5 26.a6 Bc6 27.Rfc1 Ba4 28.dxc5 bxc5 29.Bb1 Bxb3 30.Rxb3 c4 31.Rb5 Qxa3 32.Rxd5 Nb6
33.Ra5 Qb3 34.Nd4 c3 35.Nxb3 cxd2 36.Rxc8+ Nxc8 37.Nxd2 Ne6 38.g3 Ne7 39.Nb3 Nc6 40.Ra4
Kg7 41.Bd3 Kf8 42.Bc4 Ke7 43.Bd5 Ned8 44.Nd4 1-0

[Event "1. Bundesliga 2016/2017"]
[Site "Mattersburg"]
[Date "2016.10.22"]
[Round "3"]
[Board "3"]
[White "Lendwai, Reinhard"]
[Black "Rozentalis, Eduardas"]
[Result "0-1"]
[WhiteElo "2370"]
[BlackElo "2540"]
[PlyCount "95"]
[EventDate "2016.10.20"]
[EventType "team"]
[EventRounds "11"]
[EventCountry "AUT"]
[WhiteTeam "Blackburne Nickelsdorf"]
[BlackTeam "SK Hohenems"]

1.d4 Nf6 2.Nf3 e6 3.g3 c5 4.Bg2 Nc6 5.O-O cxd4 6.Nxd4 Bc5 7.Nb3 Be7 8.c4 d6 9.Nc3
O-O 10.Bf4 h6 11.Rc1 e5 12.Be3 Be6 13.Nd5 Rc8 14.h3 e4 15.Nxf6+ Bxf6 16.Nd4 Nxd4 17.Bxd4
Bxc4 18.b3 Be6 19.Bxf6 Qxf6 20.Qxd6 Rxc1 21.Rxc1 Qb2 22.Re1 e3 23.fxe3 Qxa2 24.b4
b6 25.Qd4 Rc8 26.Kf2 Qc2 27.Ra1 Qc7 28.g4 Qe7 29.b5 Rc5 30.Qf4 Kh7 31.Rb1 g6 32.Rb4
Qh4+ 33.Qg3 Qxg3+ 34.Kxg3 Bd7 35.Ra4 a5 36.bxa6 Bxa4 37.a7 Ra5 38.a8=Q Rxa8 39.Bxa8
g5 40.e4 f6 41.Kf3 Kg7 42.Bd5 Bb5 43.Bb3 Kf8 44.Ke3 Ke7 45.Bc2 Kd6 46.Bd3 Kc5 47.Bb1
Bc6 48.Kd3 0-1

[Event "1. Bundesliga 2016/2017"]
[Site "Mattersburg"]
[Date "2016.10.22"]
[Round "3"]
[Board "4"]
[White "Atlas, Valery"]
[Black "Pinter, Erik"]
[Result "0-1"]
[WhiteElo "2437"]
[BlackElo "2382"]
[PlyCount "184"]
[EventDate "2016.10.20"]
[EventType "team"]
[EventRounds "11"]
[EventCountry "AUT"]
[WhiteTeam "SK Hohenems"]
[BlackTeam "Blackburne Nickelsdorf"]

1.e4 c5 2.Nf3 d6 3.d4 cxd4 4.Nxd4 Nf6 5.Nc3 Nc6 6.g3 g6 7.Nde2 Bg7 8.Bg2 O-O 9.O-O
Rb8 10.a4 a6 11.Nd5 e6 12.Nxf6+ Bxf6 13.c3 e5 14.c4 Be6 15.b3 b5 16.cxb5 axb5 17.Nc3
Nd4 18.Nd5 Bxd5 19.exd5 bxa4 20.bxa4 Nb3 21.Rb1 Nxc1 22.Qxc1 Rxb1 23.Qxb1 Qa5 24.Qb5
Qxb5 25.axb5 Rb8 26.Rb1 Bd8 27.Bh3 Bb6 28.Bd7 Rb7 29.Bc6 Ra7 30.Rb2 f5 31.Kg2 Kf7
32.Re2 Kf6 33.f3 Bd4 34.h4 Kf7 35.Rc2 Ke7 36.Rd2 Bb6 37.Rc2 Bd4 38.Rd2 Bc5 39.Re2
Kf7 40.Rb2 Bb6 41.Re2 Kf6 42.Be8 Re7 43.Bc6 Ra7 44.Be8 Ke7 45.Bc6 Kd8 46.Rc2 Bd4 47.Rd2
Kc7 48.Rc2 Kb6 49.Be8 Bc5 50.Bc6 Ra1 51.Re2 Bd4 52.Rc2 Ra3 53.Bd7 Bc5 54.Re2 Ra7 55.Bc6
h6 56.Be8 g5 57.hxg5 hxg5 58.Bg6 f4 59.gxf4 gxf4 60.Be4 Kxb5 61.Rc2 Ra1 62.Kh3 Rg1
63.Rg2 Re1 64.Rc2 Kb4 65.Kg4 Kb3 66.Rg2 Kc3 67.Kf5 Kd4 68.Rd2+ Ke3 69.Rd3+ Kf2 70.Rb3
Re3 71.Rb5 Bd4 72.Kg4 Kg2 73.Bh7 e4 74.Rb4 exf3 75.Rxd4 f2 76.Rd2 f3 77.Kf4 Re2 78.Rd1
Re1 79.Rd2 Re2 80.Rd1 f1=Q 81.Rxf1 Kxf1 82.Kxf3 Re5 83.Be4 Ke1 84.Ke3 Re7 85.Kd4 Kd2
86.Bf5 Ra7 87.Kc4 Ke3 88.Kb5 Kd4 89.Be6 Rc7 90.Kb6 Rc5 91.Bg8 Ke5 92.Bf7 Rxd5 0-1

[Event "1. Bundesliga 2016/2017"]
[Site "Mattersburg"]
[Date "2016.10.22"]
[Round "3"]
[Board "5"]
[White "Vlcek, Stanislav"]
[Black "Breder, Dennis"]
[Result "1-0"]
[WhiteElo "2255"]
[BlackElo "2470"]
[PlyCount "69"]
[EventDate "2016.10.20"]
[EventType "team"]
[EventRounds "11"]
[EventCountry "AUT"]
[WhiteTeam "Blackburne Nickelsdorf"]
[BlackTeam "SK Hohenems"]

1.c4 e6 2.g3 d5 3.Bg2 dxc4 4.Na3 Bxa3 5.Qa4+ Bd7 6.Qxa3 Bc6 7.Nf3 b5 8.O-O Ne7 9.d3
cxd3 10.Rd1 Be4 11.Bf4 Nd5 12.exd3 Bxf3 13.Bxf3 b4 14.Qb3 Nc6 15.Qa4 Qd7 16.Bxd5 exd5
17.Re1+ Ne7 18.Qxb4 a5 19.Qc5 f6 20.Rac1 Kf7 21.Rxe7+ Qxe7 22.Qxd5+ Kg6 23.g4 h5 24.Qf5+
Kf7 25.Rxc7 Qxc7 26.Bxc7 hxg4 27.Qd7+ Kg8 28.d4 a4 29.Qe6+ Kh7 30.Qf5+ Kg8 31.d5 a3
32.b4 g3 33.hxg3 Re8 34.Kg2 Re2 35.d6 1-0

[Event "1. Bundesliga 2016/2017"]
[Site "Mattersburg"]
[Date "2016.10.22"]
[Round "3"]
[Board "6"]
[White "Froewis, Georg"]
[Black "Bachofner, Andreas"]
[Result "1-0"]
[WhiteElo "2435"]
[BlackElo "2136"]
[PlyCount "91"]
[EventDate "2016.10.20"]
[EventType "team"]
[EventRounds "11"]
[EventCountry "AUT"]
[WhiteTeam "SK Hohenems"]
[BlackTeam "Blackburne Nickelsdorf"]

1.Nf3 e6 2.e4 d5 3.Nc3 d4 4.Ne2 c5 5.d3 Nc6 6.g3 e5 7.Bg2 Bd6 8.O-O Nge7 9.Nd2 Be6
10.f4 f6 11.Nf3 Qd7 12.Bd2 O-O-O 13.fxe5 Nxe5 14.Nf4 Bg4 15.Nxe5 Bxe5 16.Qxg4 Qxg4
17.Bh3 Qxh3 18.Nxh3 g5 19.Bxg5 fxg5 20.Nxg5 Kd7 21.Nf7 Ke6 22.Ng5+ Kd7 23.Nf7 Ke6
24.Rf3 Rdf8 25.Raf1 Ng6 26.Rf5 Rxf7 27.Rxf7 Ne7 28.Rf8 Ng6 29.Rxh8 Nxh8 30.Kg2 Nf7
31.h4 h6 32.Kh3 Bg7 33.Kg4 Ne5+ 34.Kh5 b6 35.b3 a5 36.a4 Kd6 37.g4 Ke6 38.g5 hxg5
39.Kxg5 Nd7 40.h5 Be5 41.Kg6 Bh8 42.Kh7 Bf6 43.Kg8 Bg5 44.Kg7 Bf6+ 45.Rxf6+ Nxf6 46.h6 1-0

[Event "1. Bundesliga 2016/2017"]
[Site "Mattersburg"]
[Date "2016.10.22"]
[Round "3"]
[Board "1"]
[White "Nisipeanu, Liviu-Dieter"]
[Black "Ragger, Markus"]
[Result "1-0"]
[WhiteElo "2684"]
[BlackElo "2677"]
[PlyCount "99"]
[EventDate "2016.10.20"]
[EventType "team"]
[EventRounds "11"]
[EventCountry "AUT"]
[WhiteTeam "Schachklub Sparkasse Jenbach"]
[BlackTeam "SC MPOE Maria Saal"]

1.e4 e6 2.d3 d5 3.Nd2 Nf6 4.Ngf3 c5 5.g3 Be7 6.Bg2 O-O 7.O-O Nc6 8.Re1 Qc7 9.Qe2 b5
10.Nf1 dxe4 11.dxe4 e5 12.c3 b4 13.Ne3 bxc3 14.bxc3 Qa5 15.Nd5 Bd8 16.a4 Ba6 17.Qc2
Rc8 18.Bg5 Rb8 19.Bxf6 Bxf6 20.Nd2 Qd8 21.Bf1 Bxf1 22.Rxf1 Na5 23.Rfb1 Bg5 24.Nf3
Bf6 25.Rxb8 Qxb8 26.Nxf6+ gxf6 27.Nh4 Nc4 28.Qd3 Nd6 29.Rd1 Ne8 30.Nf5 Kh8 31.Qd8
Qb3 32.a5 Kg8 33.Nh6+ Kg7 34.Nf5+ Kg8 35.Rd3 c4 36.Re3 Qb7 37.Nh6+ Kg7 38.Nf5+ Kg8
39.Re1 Qb2 40.Ne7+ Kg7 41.Nd5 Qd2 42.Re3 Qc1+ 43.Kg2 Qa3 44.Rf3 Qd6 45.Qc8 Qa3 46.Qg4+
Kh8 47.Qh4 Qd6 48.Rxf6 Qd7 49.Qg5 Qd8 50.Qh6 1-0

[Event "1. Bundesliga 2016/2017"]
[Site "Mattersburg"]
[Date "2016.10.22"]
[Round "3"]
[Board "3"]
[White "Volokitin, Andrei"]
[Black "Buhmann, Rainer"]
[Result "1/2-1/2"]
[WhiteElo "2652"]
[BlackElo "2609"]
[PlyCount "69"]
[EventDate "2016.10.20"]
[EventType "team"]
[EventRounds "11"]
[EventCountry "AUT"]
[WhiteTeam "Schachklub Sparkasse Jenbach"]
[BlackTeam "SC MPOE Maria Saal"]

1.e4 e6 2.d4 d5 3.Nc3 Nf6 4.e5 Nfd7 5.f4 c5 6.Nf3 Nc6 7.Be3 cxd4 8.Nxd4 Bc5 9.Qd2
O-O 10.O-O-O a6 11.Qf2 Qe7 12.Kb1 Nxd4 13.Bxd4 b5 14.Ne2 b4 15.Ng3 a5 16.f5 Bxd4 17.Qxd4
Qc5 18.Qd2 Kh8 19.f6 gxf6 20.exf6 Nxf6 21.Bd3 Ng8 22.Nh5 f6 23.g4 e5 24.Rhg1 Ra7 25.Rg3
a4 26.g5 f5 27.g6 hxg6 28.Rxg6 Rh7 29.Qg2 Ne7 30.Rh6 Rff7 31.Qg5 Ng8 32.Rxh7+ Kxh7
33.Qh4 Nh6 34.Nf6+ Kg6 35.Ne8 1/2-1/2

[Event "1. Bundesliga 2016/2017"]
[Site "Mattersburg"]
[Date "2016.10.22"]
[Round "3"]
[Board "4"]
[White "Predojevic, Borki"]
[Black "Wagner, Dennis"]
[Result "1/2-1/2"]
[WhiteElo "2616"]
[BlackElo "2577"]
[PlyCount "61"]
[EventDate "2016.10.20"]
[EventType "team"]
[EventRounds "11"]
[EventCountry "AUT"]
[WhiteTeam "SC MPOE Maria Saal"]
[BlackTeam "Schachklub Sparkasse Jenbach"]

1.e4 e5 2.Nf3 Nc6 3.Bb5 a6 4.Ba4 Nf6 5.O-O Be7 6.d3 b5 7.Bb3 d6 8.a3 O-O 9.Nc3 Bg4
10.Be3 Nd4 11.Bxd4 exd4 12.Nd5 Nd7 13.h3 Bxf3 14.Qxf3 a5 15.Nxe7+ Qxe7 16.Rae1 a4
17.Ba2 c6 18.Qg3 Rab8 19.e5 dxe5 20.f4 b4 21.axb4 e4 22.dxe4 Qxb4 23.Rb1 Nc5 24.Qf3
Nb3 25.cxb3 axb3 26.Bxb3 Qxb3 27.Qxb3 Rxb3 28.Rbc1 Rxb2 29.Rxc6 g6 30.Rf2 Rb1+ 31.Rf1 1/2-1/2

[Event "1. Bundesliga 2016/2017"]
[Site "Mattersburg"]
[Date "2016.10.22"]
[Round "3"]
[Board "5"]
[White "Shengelia, David"]
[Black "Kreisl, Robert"]
[Result "1-0"]
[WhiteElo "2570"]
[BlackElo "2435"]
[PlyCount "115"]
[EventDate "2016.10.20"]
[EventType "team"]
[EventRounds "11"]
[EventCountry "AUT"]
[WhiteTeam "Schachklub Sparkasse Jenbach"]
[BlackTeam "SC MPOE Maria Saal"]

1.c4 c5 2.g3 g6 3.Bg2 Bg7 4.Nc3 Nc6 5.e3 e6 6.Nge2 Nge7 7.O-O O-O 8.b3 d5 9.cxd5 Nxd5
10.Bb2 Ndb4 11.Na4 Bxb2 12.Nxb2 b6 13.a3 Nd5 14.d4 cxd4 15.Nxd4 Bb7 16.Nxc6 Bxc6 17.Rc1
Rc8 18.Nc4 Bb5 19.Qd4 Bxc4 20.Rxc4 Rxc4 21.Qxc4 Nf6 22.b4 Qe7 23.Bf3 Rd8 24.Rc1 e5
25.Rd1 Rxd1+ 26.Bxd1 h5 27.Bb3 e4 28.Kf1 Qd7 29.Ke1 b5 30.Qd4 Qxd4 31.exd4 Ne8 32.Ke2
Nd6 33.Ke3 Kf8 34.Bd5 f5 35.Kf4 Kg7 36.Ke5 Nc4+ 37.Ke6 Nxa3 38.Bb3 Nc4 39.d5 Kf8 40.Kf6
e3 41.fxe3 Nxe3 42.Kxg6 Nf1 43.Kxf5 Nxh2 44.Bd1 Ke7 45.Bxh5 Nf1 46.Kf4 Kd6 47.Bf3
Nd2 48.Be4 Nc4 49.g4 a5 50.bxa5 Nxa5 51.g5 Nc4 52.g6 Ke7 53.Kg5 Nd6 54.Bd3 b4 55.g7
Kf7 56.Kh6 Ne8 57.Bg6+ Kg8 58.Bxe8 1-0

[Event "1. Bundesliga 2016/2017"]
[Site "Mattersburg"]
[Date "2016.10.22"]
[Round "3"]
[Board "6"]
[White "Schachinger, Mario"]
[Black "Boensch, Uwe"]
[Result "0-1"]
[WhiteElo "2420"]
[BlackElo "2558"]
[PlyCount "82"]
[EventDate "2016.10.20"]
[EventType "team"]
[EventRounds "11"]
[EventCountry "AUT"]
[WhiteTeam "SC MPOE Maria Saal"]
[BlackTeam "Schachklub Sparkasse Jenbach"]

1.d4 Nf6 2.c4 e6 3.Nf3 d5 4.g3 Be7 5.Bg2 O-O 6.O-O c6 7.Nc3 Nbd7 8.b3 b6 9.Bb2 Ba6
10.Re1 b5 11.Ne5 Nxe5 12.dxe5 Nd7 13.cxd5 cxd5 14.e4 b4 15.Na4 d4 16.Qxd4 Bb5 17.Bf1
Bxa4 18.bxa4 Nc5 19.Qe3 Nxa4 20.Bd4 Qa5 21.Rec1 Rfc8 22.Bc4 Bc5 23.a3 Bxd4 24.Qxd4
bxa3 25.Rxa3 Qb4 26.Qa1 Nb6 27.Ba6 Rxc1+ 28.Qxc1 h6 29.Qe3 Qb2 30.Rc3 Rd8 31.Kg2 Rd1
32.Rc7 Qa1 33.Rxa7 Qxe5 34.Qxb6 Qxe4+ 35.Kh3 Qf5+ 36.Kg2 Qe4+ 37.Kh3 Rd5 38.f4 Rh5+
39.Kg4 f5+ 40.Kxh5 Qf3+ 41.Kg6 Qg4# 0-1